00771nam a2200181Ia 4500008004100000050002400041100003000065245012100095250001800216260005700234300003600291490003400327505008600361650004200447650002200489650003500511700004300546120720s1990 mx a 000 0 spa d aHX198.5 bA553 1990 aAllende, Salvador eautor14aLas tareas de la juventudb : estudio, trabajo, compromisoc / Salvador Allende ; prologo Mariano Díaz Gutiérrez a2a. edición aMéxicob : Universidad Pedagogica Nacionalc, 1990 a203 páginasb : ilustraciones aArchivo Salvador Allendev; 2 aLa juventud y el cambio revolucionario Universidad y sociedad Juventud y deporte 10aJUVENTUDxCONDICIONES SOCIALESzCHILE20aSOCIALISMOzCHILE30aCOMUNISMO Y EDUCACIÓNzCHILE aDiaz Gutiérrez, Marianoeprologuista